Statistiques concernant K-pop group song quizzes by title of song

Cliquez ici pour prendre le quiz!

Statistiques générales

  • Ce quiz a été pris 14 fois
  • Le résultat moyen est 6 sur 15

Statistiques - réponses

Hint Answer % Correct
what is lovetwice
100%
confession songgot7
71%
say my nameateez
71%
clapseventeen
64%
good luckaoa
50%
bluebig bang
50%
the eyeinfinite
43%
white sugarmonsta x
36%
leeting goday6
29%
pleasebtob
21%
hello helloft island
21%
hey youcnblue
21%
knock knockmxm
14%
freedomikon
14%
luv againuniq
7%

Distribution des résultats

Percentile by Number Answered

% des personnes avec chaque résultat

Votre développement - résultats

Vous n’avez pas pris ce quiz